| 000 | 00594nam a22000977a 4500 | ||
|---|---|---|---|
| 999 |
_c2923 _d2923 |
||
| 008 | 190410| ||| | ||||||0| ||spa d | ||
| 245 | _aHueso Sacro | ||
| 300 | _eHueso Sacro | ||
| 653 |
_aSituado en la parte posterior de la pelvis,inferiormente a la columna lumbar y entre los dos huesos coxales. _aResultado de la unión de cinco vétebras sacras. _aPromontorio: ángulo obtuso que forma con la columna lumbar. _aHueso incurvado,con su concavidad orientada anteriormente. _aForma de pirámide cuadrangular, aplanada de anterior a posterior, de base superior y vértice inferior. |
||
| 942 |
_cHUESOS _2ddc |
||